| 000 | 01219 a2200337 4500 | ||
|---|---|---|---|
| 001 | 200421859 | ||
| 003 | TR-AnTOB | ||
| 005 | 20240909094238.0 | ||
| 008 | 161222s tu 000 0b | ||
| 020 | _a9789754426700 | ||
| 040 |
_aTR-AnTOB _btur _erda _cTR-AnTOB |
||
| 041 | 0 | _atur | |
| 050 | 0 | 0 |
_aPL248.S858 _bZ597 2015 |
| 090 | _aPL248.S858 Z597 2015 | ||
| 100 | 1 |
_aErkal, Abdulkadir _eauthor. _9105775 |
|
| 245 | 1 | 0 |
_aSümmani : _bErzurum'un yüzleri / _cAbdulkadir Erkal ; editör H.Ahmet Kırkkılıç. |
| 264 |
_aErzurum: _bAtatürk Üniversitesi Yayınları, _c2015. |
||
| 300 |
_a56 sayfa; _c30 cm. |
||
| 336 |
_atext _2rdacontent |
||
| 337 |
_aunmediated _2rdamedia |
||
| 338 |
_avolume _2rdacarrier |
||
| 490 | 0 |
_aAtatürk Üniversitesi Yayınları _v1062 |
|
| 600 | 0 | 0 |
_aSümmanı̂, _dapproximately 1862-approximately 1915 _9105776 |
| 650 | 0 |
_aPoets, Turkish _y19th century _vBiography _934714 |
|
| 650 | 7 |
_aŞairler, Türk _y19. yüzyıl _vBiyografi _2etuturkob _9104491 |
|
| 651 | 0 |
_aErzurum İli (Turkey) _vBiography _9105711 |
|
| 651 |
_aErzurum İli (Türkiye) _vBiyografi _9105743 |
||
| 700 | 1 |
_aKırkkılıç, H. Ahmet _deditor. _9105772 |
|
| 942 |
_cBK _2lcc |
||
| 999 |
_c200421859 _d34884 |
||